<?xml version="1.0" encoding="UTF-8"?>
<record
    xmlns:xsi="http://www.w3.org/2001/XMLSchema-instance"
    xsi:schemaLocation="http://www.loc.gov/MARC21/slim http://www.loc.gov/standards/marcxml/schema/MARC21slim.xsd"
    xmlns="http://www.loc.gov/MARC21/slim">

  <leader>01097    a2200229   4500</leader>
  <controlfield tag="008">150316b        xxu||||| |||| 00| 0 eng d</controlfield>
  <datafield tag="024" ind1=" " ind2=" ">
    <subfield code="a">  9780071326216 (pbk.) </subfield>
  </datafield>
  <datafield tag="050" ind1=" " ind2=" ">
    <subfield code="a">HD38.5</subfield>
    <subfield code="b">.S87 2013 </subfield>
  </datafield>
  <datafield tag="245" ind1=" " ind2=" ">
    <subfield code="a">Supply chain logistics management</subfield>
    <subfield code="c">Donald J. Bowersox         ... [et al.] </subfield>
  </datafield>
  <datafield tag="250" ind1=" " ind2=" ">
    <subfield code="a">4th ed  </subfield>
  </datafield>
  <datafield tag="260" ind1=" " ind2=" ">
    <subfield code="c">2013 :</subfield>
    <subfield code="b">McGraw-Hill,</subfield>
    <subfield code="a">New York </subfield>
  </datafield>
  <datafield tag="300" ind1=" " ind2=" ">
    <subfield code="a"> xii, 484 p. :</subfield>
    <subfield code="b">ill. ;</subfield>
    <subfield code="c">26 cm </subfield>
  </datafield>
  <datafield tag="440" ind1=" " ind2=" ">
    <subfield code="a">McGraw-Hill International editions</subfield>
  </datafield>
  <datafield tag="500" ind1=" " ind2=" ">
    <subfield code="a"> Includes bibliographical references and index </subfield>
  </datafield>
  <datafield tag="505" ind1=" " ind2=" ">
    <subfield code="a">21st-Century supply chains -- Logistics -- Customer       relationship management -- Procurement -- Manufacturing --       Integrated operations planning -- Inventory -- Transportation -- Warehousing -- Packaging and handling -- Global supply chains -- Network design -- Operations analysis -- Collaboration -- Performance measurement -- Risk and sustainability -- Epilogue </subfield>
  </datafield>
  <datafield tag="650" ind1=" " ind2=" ">
    <subfield code="a">Business logistics  </subfield>
  </datafield>
  <datafield tag="700" ind1=" " ind2=" ">
    <subfield code="a">Bowersox, Donald J </subfield>
  </datafield>
  <datafield tag="700" ind1=" " ind2=" ">
    <subfield code="a">Closs, David J.</subfield>
  </datafield>
  <datafield tag="700" ind1=" " ind2=" ">
    <subfield code="a">Cooper, M. Bixby</subfield>
  </datafield>
  <datafield tag="700" ind1=" " ind2=" ">
    <subfield code="a">Bowersox, John C.</subfield>
  </datafield>
  <datafield tag="942" ind1=" " ind2=" ">
    <subfield code="c">BK</subfield>
    <subfield code="2">lcc</subfield>
  </datafield>
  <datafield tag="999" ind1=" " ind2=" ">
    <subfield code="c">44436</subfield>
    <subfield code="d">44436</subfield>
  </datafield>
  <datafield tag="952" ind1=" " ind2=" ">
    <subfield code="0">0</subfield>
    <subfield code="1">0</subfield>
    <subfield code="2">lcc</subfield>
    <subfield code="4">0</subfield>
    <subfield code="7">0</subfield>
    <subfield code="8">NFIC</subfield>
    <subfield code="a">BOM</subfield>
    <subfield code="b">BOM</subfield>
    <subfield code="c">GEN</subfield>
    <subfield code="d">2015-03-16</subfield>
    <subfield code="e">Purchase</subfield>
    <subfield code="g">2715.52</subfield>
    <subfield code="l">12</subfield>
    <subfield code="o">HD38.5 .S87 2013</subfield>
    <subfield code="p">043254</subfield>
    <subfield code="s">2021-03-04</subfield>
    <subfield code="t">1</subfield>
    <subfield code="w">2015-03-16</subfield>
    <subfield code="y">BK</subfield>
  </datafield>
  <datafield tag="952" ind1=" " ind2=" ">
    <subfield code="0">0</subfield>
    <subfield code="1">0</subfield>
    <subfield code="2">lcc</subfield>
    <subfield code="4">0</subfield>
    <subfield code="7">0</subfield>
    <subfield code="8">NFIC</subfield>
    <subfield code="a">BOM</subfield>
    <subfield code="b">BOM</subfield>
    <subfield code="c">GEN</subfield>
    <subfield code="d">2015-03-16</subfield>
    <subfield code="e">Purchase</subfield>
    <subfield code="g">2715.52</subfield>
    <subfield code="l">6</subfield>
    <subfield code="o">HD38.5 .S87 2013</subfield>
    <subfield code="p">043255</subfield>
    <subfield code="r">2025-04-02 00:00:00</subfield>
    <subfield code="s">2025-03-18</subfield>
    <subfield code="t">2</subfield>
    <subfield code="w">2015-03-16</subfield>
    <subfield code="y">BK</subfield>
  </datafield>
  <datafield tag="952" ind1=" " ind2=" ">
    <subfield code="0">0</subfield>
    <subfield code="1">0</subfield>
    <subfield code="2">lcc</subfield>
    <subfield code="4">0</subfield>
    <subfield code="7">0</subfield>
    <subfield code="8">NFIC</subfield>
    <subfield code="a">NBI</subfield>
    <subfield code="b">NBI</subfield>
    <subfield code="c">GEN</subfield>
    <subfield code="d">2015-03-16</subfield>
    <subfield code="e">Purchase</subfield>
    <subfield code="g">2715.52</subfield>
    <subfield code="l">26</subfield>
    <subfield code="m">2</subfield>
    <subfield code="o">HD38.5 .S87 2013</subfield>
    <subfield code="p">043256</subfield>
    <subfield code="r">2024-10-03 00:00:00</subfield>
    <subfield code="s">2020-03-02</subfield>
    <subfield code="t">3</subfield>
    <subfield code="w">2015-03-16</subfield>
    <subfield code="y">BK</subfield>
  </datafield>
  <datafield tag="952" ind1=" " ind2=" ">
    <subfield code="0">0</subfield>
    <subfield code="1">0</subfield>
    <subfield code="2">lcc</subfield>
    <subfield code="4">0</subfield>
    <subfield code="7">0</subfield>
    <subfield code="8">NFIC</subfield>
    <subfield code="a">NKU</subfield>
    <subfield code="b">NKU</subfield>
    <subfield code="c">GEN</subfield>
    <subfield code="d">2015-03-16</subfield>
    <subfield code="e">Purchase</subfield>
    <subfield code="g">2715.52</subfield>
    <subfield code="l">11</subfield>
    <subfield code="o">HD38.5 .S87 2013</subfield>
    <subfield code="p">043257</subfield>
    <subfield code="s">2020-05-06</subfield>
    <subfield code="t">4</subfield>
    <subfield code="w">2015-03-16</subfield>
    <subfield code="y">BK</subfield>
  </datafield>
</record>
